Critical thinking : (Record no. 25828)
[ view plain ]
| 000 -LEADER | |
|---|---|
| fixed length control field | 00697nam a2200229Ia 4500 |
| 003 - CONTROL NUMBER IDENTIFIER | |
| control field | PILC |
| 005 - DATE AND TIME OF LATEST TRANSACTION | |
| control field | 20160601143432.0 |
| 008 - FIXED-LENGTH DATA ELEMENTS--GENERAL INFORMATION | |
| fixed length control field | 140312s9999 xx 000 0 und d |
| 020 ## - INTERNATIONAL STANDARD BOOK NUMBER | |
| International Standard Book Number | 9780495501572 |
| 050 ## - LIBRARY OF CONGRESS CALL NUMBER | |
| Classification number | BC 177 |
| Item number | .R324 2012 |
| 100 ## - MAIN ENTRY--PERSONAL NAME | |
| Personal name | Rainbolt, George W. |
| 245 ## - TITLE STATEMENT | |
| Title | Critical thinking : |
| Remainder of title | the art of argument / |
| Statement of responsibility, etc | George W. Rainbolt & Sandra L. Dwyer. |
| 250 ## - EDITION STATEMENT | |
| Edition statement | 1st edition. |
| 260 ## - PUBLICATION, DISTRIBUTION, ETC. (IMPRINT) | |
| Place of publication, distribution, etc | Massachusetts : |
| Name of publisher, distributor, etc | Wadsworth Cengage Learning, |
| Date of publication, distribution, etc | 2012. |
| 300 ## - PHYSICAL DESCRIPTION | |
| Extent | 436 pages : |
| Other physical details | color illustrations ; |
| Dimensions | 26 cm. |
| 500 ## - GENERAL NOTE | |
| General note | Includes bibliographic references. |
| 650 ## - SUBJECT ADDED ENTRY--TOPICAL TERM | |
| Topical term or geographic name as entry element | Critical thinking. |
| 650 ## - SUBJECT ADDED ENTRY--TOPICAL TERM | |
| Topical term or geographic name as entry element | Logic. |
| 650 ## - SUBJECT ADDED ENTRY--TOPICAL TERM | |
| Topical term or geographic name as entry element | Reasoning. |
| 942 ## - ADDED ENTRY ELEMENTS (KOHA) | |
| Call number prefix | Foreign |
| Koha item type | Books |
| Source of classification or shelving scheme | Library of Congress Classification |
| Withdrawn status | Lost status | Source of classification or shelving scheme | Damaged status | Home library | Current library | Shelving location | Date acquired | Source of acquisition | Total Checkouts | Total Renewals | Full call number | Barcode | Date last seen | Date checked out | Copy number | Price effective from | Koha item type |
|---|---|---|---|---|---|---|---|---|---|---|---|---|---|---|---|---|---|
| Library of Congress Classification | College Library | College Library | Reserve Section | 12/16/2013 | Donation | 1 | 15 | BC 177 .R324 2012 | C17284 | 05/15/2018 | 01/20/2017 | 1 | 12/16/2013 | Books | |||
| Withdrawn | Library of Congress Classification | College Library | College Library | Reserve Section | 12/16/2013 | HF 5415.127 .M817 2010 | C17285 | 12/16/2013 | 2 | 12/16/2013 | Books | ||||||
| Withdrawn | College Library | College Library | Reserve Section | 03/21/2014 | BC 177 .R324 2012 | C17851 | 10/05/2014 | 03/21/2014 | Books |